Statistics for 80s Musical Acts A-Z

Click here to take the quiz!

General Stats

  • This quiz has been taken 398 times
  • The average score is 17 of 26

Answer Stats

Musical actFamous work% Correct
MMadonnaLike A Virgin
97%
QQueenAnother One Bites The Dust
97%
Aa-haTake On Me
96%
PPrincePurple Rain
94%
WWham!Wake Me Up Before You Go-Go
92%
VVan HalenJump
86%
UU2Sunday Bloody Sunday
84%
GGeorge MichaelFaith
83%
TTina TurnerWhat's Love Got To Do With It
81%
CCyndi LauperTrue Colors
78%
DDire StraitsMoney For Nothing
76%
BBruce SpringsteenDancing In The Dark
74%
NNena99 Luftballons
72%
FForeignerI Want To Know What Love Is
69%
ZZZ TopGimme All Your Lovin'
69%
LLionel RichieSay You, Say Me
64%
OOzzy OsbourneCrazy Train
60%
KKate BushRunning Up That Hill (A Deal With God)
56%
EEnyaOrinoco Flow
55%
YYesOwner Of A Lonely Heart
52%
HHeartBarracuda
50%
IIron MaidenRun To The Hills
47%
XXLos Angeles
37%
SThe SmithsHow Soon Is Now?
30%
RRoxy MusicMore Than This
26%
JThe Jesus and Mary ChainJust Like Honey
10%

Score Distribution

Percentile by Number Answered

Percent of People with Each Score

Your Score History

You have not taken this quiz